| 000 | 00879nmm a2200301 a 4500 | ||
|---|---|---|---|
| 003 | AR-BaBNM | ||
| 005 | 20251128211307.0 | ||
| 008 | 193120s2002 ||||||||||||||000 | spa|| | ||
| 040 | _cAR-BaBNM | ||
| 110 | 2 |
_aLatin American Laboratory for assessment of the quality of education _9LLECE |
|
| 245 | 1 | 0 | _aQualitative study of schools with outstanding results in seven latin american countries |
| 260 |
_aSantiago de Chile _bUnesco _c2002 |
||
| 300 | _a107 p. | ||
| 504 | _aContiene referencias bibliográficas p. 105-107 | ||
| 650 | 4 | _aEDUCACION COMPARADA | |
| 650 | 4 | _aCALIDAD DE LA EDUCACION | |
| 650 | 4 | _aRESULTADOS DE INVESTIGACION | |
| 651 | 4 | _aAmérica Latina | |
| 651 | 4 | _aArgentina | |
| 651 | 4 | _aBolivia | |
| 651 | 4 | _aChile | |
| 651 | 4 | _aColombia | |
| 651 | 4 | _aCosta Rica | |
| 651 | 4 | _aCuba | |
| 651 | 4 | _aVenezuela | |
| 942 | _cBK | ||
| 998 | _craquel | ||
| 999 |
_c19042 _d19042 |
||